Największe miasta świata w promieniu 1000 km - Statystyki

Ogólne statystyki
  • Ten quiz został rozwiązany 618 razy
  • Średni wynik to 29 z 78
Odpowiedzi na mapie
Odpowiedzi zakodowano w zielono-czerwonej skali na mapie do tego quizu, zgodnie z poniższymi procentami.
 
Statystyki odpowiedzi
D (km) miasto % Poprawnych
2500 Londyn
92%
2899 Moskwa
91%
1054 Madryt
90%
1016 We{no}
81%
3360 Nowy Jork
80%
2903 Tokio
78%
4363 Kair
76%
2479 Los Angeles
73%
11319 Meksyk
72%
5380 Sydney
69%
1325 Reykjavík
68%
1674 Buenos Aires
66%
1484 Miami
64%
1158 Chicago
62%
3654 Delhi
62%
3130 Lima
60%
1201 Szanghaj
60%
1139 Santiago
59%
7423 São Paulo
58%
1869 Bogota
57%
3319 Dżakarta
55%
1913 Teheran
55%
4483 Johannesburg
54%
1533 Bangkok
53%
1301 Rijad
52%
1261 Kapsztad
51%
1242 Manila
51%
1800 Dakar
49%
1078 La Paz
45%
1610 Antananarywa
44%
1282 Dallas
44%
2729 Perth
44%
1425 Dhaka
43%
1157 Mumbaj
43%
1177 Kuala Lumpur
42%
6366 Lagos
42%
1092 Seattle
42%
1606 Chartum
41%
1781 Kinszasa
40%
2161 Auckland
36%
--- Guangzhou
36%
3852 Honolulu
34%
1021 Mogadiszu
34%
1437 Nu{uk}
34%
1059 Gwatemala
33%
1337 Santo Domingo
31%
2453 Dar es Salaam
26%
1243 Istanbul
26%
1141 Windhuk
24%
2134 Anchorage
22%
1291 Nowosybirsk
22%
2083 Port Moresby
22%
1190 Lusaka
21%
1294 Manaus
20%
1353 Jakuck
18%
1018 Jekaterynburg
18%
1085 Vi{ctoria}
18%
1332 Suva
14%
1082 Norylsk
11%
1630 Recife
11%
1786 Urumczi
11%
1284 Al{ice Springs}
10%
1151 Ap{ia}
10%
1129 Belém
10%
1240 Chengdu
9%
1402 Honiara
9%
1512 Pietropawłowsk Kamczacki
8%
1871 Ta{rawa}
7%
1492 An{adyr}
3%
2409 Fa{aa}
3%
1457 Numea
3%
3535 Ha{nga Roa}
2%
1139 Av{arua}
1%
1046 Jayapura
1%
1021 Po{rt Hedland}
1%
1054 Pu{erto Ayora}
1%
2039 Sa{ipan}
1%
1087 Townsville
1%
Nie znaleziono quizów pasujących do podanych kryteriów
Rozkład punktacji
Procent ludzi z każdym wynikiem
Percentyl według liczby udzielonych odpowiedzi
Twoja historia wyników
Nie rozwiązałeś tego quizu